| 000 -LEADER |
| fixed length control field |
00333nam a22001217a 4500 |
| 008 - FIXED-LENGTH DATA ELEMENTS--GENERAL INFORMATION |
| fixed length control field |
251002b ||||| |||| 00| 0 eng d |
| 020 ## - INTERNATIONAL STANDARD BOOK NUMBER |
| International Standard Book Number |
9781912171347 |
| 082 ## - DEWEY DECIMAL CLASSIFICATION NUMBER |
| Classification number |
590 BRU |
| 100 ## - MAIN ENTRY--PERSONAL NAME |
| Personal name |
BRUNDLE,HARRIET |
| Relator term |
AUTHOR |
| 245 ## - TITLE STATEMENT |
| Title |
ANIMALS INFOGRAPHICS |
| 260 ## - PUBLICATION, DISTRIBUTION, ETC. |
| Place of publication, distribution, etc. |
KING'S LYNN,NORFOLK PE30 4LS |
| Name of publisher, distributor, etc. |
THE SECRET BOOK COMPANY |
| Date of publication, distribution, etc. |
2019 |
| 942 ## - ADDED ENTRY ELEMENTS (KOHA) |
| Source of classification or shelving scheme |
|